| 000 | 00535nam a22001817a 4500 | ||
|---|---|---|---|
| 003 | OSt | ||
| 005 | 20180116183006.0 | ||
| 008 | 150806b xxu||||| |||| 00| 0 eng d | ||
| 020 | _a9788131724101 | ||
| 040 | _c0 | ||
| 082 | _a174.4 FER 2007 | ||
| 100 | _aA. C Fernando | ||
| 245 |
_aCorporate Ethics, Governance, and Social Responsibility _bPrecepts and Practices _cA. C Fernando |
||
| 260 |
_aIndia _bPearson _c2007 |
||
| 300 |
_a160 p. _bHB |
||
| 440 | _aCorporate Ethics, Governance, and Social Responsibility | ||
| 942 |
_2ddc _cBK |
||
| 999 |
_c350076 _d350076 |
||